Canadian Provinces With The Most Sports Teams - Statistics

General Stats
  • This quiz has been taken 46 times
  • The average score is 5 of 5
Answer Stats
Total NHL MLS MLB NBA Province % Correct
2 2 - - - Alberta
97%
5 2 1 1 1 Ontario
97%
2 1 1 - - Quebec
92%
2 1 1 - - British Columbia
87%
1 1 - - - Manitoba
79%
No matching quizzes found
Score Distribution
Percent of People with Each Score
Percentile by Number Answered
Your Score History
You have not taken this quiz